00428 a2200157 4500003000400000005001700004008004100021020001800062040000900080082001800089100002400107245008000131250001200211260003700223300001000260OSt20240209095357.0240209b |||||||| |||| 00| 0 eng d a9788195521821 coclc a954.83bTHA/K aThanveer, Musthafa  aK M Moulavi Ormmappusthakam /cMusthafa Thanveer P.M., Sadad Abdussamad M.T a1st ed. aCalicut:bProfound Press,c2022. a391p.